Zádrhely digitálního odbavovaní
On-line identifikáciu síce právna úprava povoľuje, ale podmieňuje ju nie je príliš prívetivými užívateľskými postupmi. Zložitá identifikácia na diaľku je tak nielen jednou z prekážok pre rozvoj fintech sektora, ale bráni aj vývoju zákazníckych procesov u tradičných poskytovateľov finančných služieb....
Salvato in:
| Autore principale: | |
|---|---|
| Natura: | Capitolo di libro |
| Lingua: | ceco |
| Soggetti: | |
| Tags: |
Nessun Tag, puoi essere il primo ad aggiungerne!!
|
MARC
| LEADER | 00000naa a2200000 4500 | ||
|---|---|---|---|
| 001 | 0246489 | ||
| 005 | 20180719094819.5 | ||
| 041 | 0 | |a cze | |
| 044 | |a CZ | ||
| 245 | 1 | 0 | |a Zádrhely digitálního odbavovaní |c Maria Staskziewiczová |
| 520 | |a On-line identifikáciu síce právna úprava povoľuje, ale podmieňuje ju nie je príliš prívetivými užívateľskými postupmi. Zložitá identifikácia na diaľku je tak nielen jednou z prekážok pre rozvoj fintech sektora, ale bráni aj vývoju zákazníckych procesov u tradičných poskytovateľov finančných služieb. Problematické body AML zákona a návrhy ako zjednodušiť systém identifikácie klienta. | ||
| 610 | 2 | 0 | |a bankovníctvo |
| 610 | 2 | 0 | |a bezpečnosť informačná |
| 610 | 2 | 0 | |a služby finančné |
| 610 | 2 | 0 | |a identifikácia automatická |
| 610 | 2 | 0 | |a legislatíva |
| 610 | 2 | 0 | |a spokojnosť zákazníkov |
| 100 | 1 | |a Staskziewiczová, Maria | |